header

Contemporary feminist historical crime fiction (Record no. 202885)

MARC details
000 -LEADER
fixed length control field 01850nam a2200433Ia 4500
082 04 - DEWEY DECIMAL CLASSIFICATION NUMBER
Classification number 813/.087209358
100 1# - MAIN ENTRY--AUTHOR NAME
Personal name Johnsen, Rosemary Erickson.
245 10 - TITLE STATEMENT
Title Contemporary feminist historical crime fiction
250 ## - EDITION STATEMENT
Edition statement 1st ed.
260 ## - PUBLICATION, DISTRIBUTION, ETC. (IMPRINT)
Place of publication New York :
Name of publisher Palgrave Macmillan,
Year of publication 2006.
300 ## - PHYSICAL DESCRIPTION
Number of Pages xvii, 173 p.
650 #0 - SUBJECT ADDED ENTRY--TOPICAL TERM
Topical Term American fiction
Topical Term English fiction
Topical Term Detective and mystery stories, American
Topical Term Detective and mystery stories, English
Topical Term Historical fiction, American
Topical Term Historical fiction, English
Topical Term Women in literature.
Topical Term History in literature.
Topical Term American fiction
Topical Term English fiction
856 40 - ELECTRONIC LOCATION AND ACCESS
Uniform Resource Identifier http://site.ebrary.com/lib/rucke/Doc?id=10150432

No items available.

© 2026 Rongo University
Contact us: librarian | system librarian | Rongo university